Проекты технических регламентов, этап публичного обсуждения; Стандарты и качество; № 8

Bibliografiska uppgifter
Parent link:Стандарты и качество: научно-технический журнал/ Российская Федерация, Государственный комитет по стандартизации и метрологии (Госстандарт России).— , 1980-.— 0038-9692
№ 8.— 2004.— С. 24-30
Övriga upphovsmän: Пугачёв С., Брахутин П., Кармашев В., Тимко В.
Språk:ryska
Publicerad: 2004
Serie:Стандартизация: практика, методика, теория
Ämnen:
Materialtyp: Bokavsnitt
KOHA link:https://koha.lib.tpu.ru/cgi-bin/koha/opac-detail.pl?biblionumber=459676

MARC

LEADER 00000naa2a2200000 4500
001 459676
005 20231101085148.0
035 |a (RuTPU)RU\TPU\prd\123473 
035 |a RU\TPU\prd\29256 
090 |a 459676 
100 |a 20111024a2004 k y0rusy50 ca 
101 0 |a rus 
102 |a RU 
200 1 |a Проекты технических регламентов, этап публичного обсуждения  |f С. Пугачёв, П. Брахутин, В. Кармашев, В. Тимко 
225 1 |a Стандартизация: практика, методика, теория 
320 |a Библиогр.: 12 назв. 
461 1 |0 (RuTPU)RU\TPU\prd\992  |x 0038-9692  |t Стандарты и качество  |o научно-технический журнал  |f Российская Федерация, Государственный комитет по стандартизации и метрологии (Госстандарт России)  |d 1980- 
463 1 |0 (RuTPU)RU\TPU\prd\123469  |t № 8  |v С. 24-30  |d 2004 
610 1 |a технические регламенты 
610 1 |a проекты регламентов 
610 1 |a электромагнитная совместимость 
610 1 |a электрооборудование 
701 1 |a Пугачёв  |b С. 
701 1 |a Брахутин  |b П. 
701 1 |a Кармашев  |b В. 
701 1 |a Тимко  |b В. 
801 1 |a RU  |b 63413507  |c 20041026  |g PSBO 
801 2 |a RU  |b 63413507  |c 20111024  |g RCR 
942 |c BK